000 00520nam a2200217Ia 4500
003 OSt
005 20230425142845.0
008 210423s1999 xx 000 0 und d
020 _a8172332130
040 _cAL
041 _aeng
082 _a615.1 GREH
100 _aGREENISH (Henry G)
_992652
245 _aMateria medica
260 _aJodhpur
_bScientific Publishers
_c1999
300 _axii,568
_bHB
365 _b800
_cINR
650 _aPharmacology
_992653
906 _aMateria ; medica
942 _2ddc
_cBK
999 _c162637
_d162637